The energy method, stability, and nonlinear convection / (Record no. 67129)
[ view plain ]
| 000 -LEADER | |
|---|---|
| fixed length control field | 01175nam a2200325 a 4500 |
| 001 - CONTROL NUMBER | |
| control field | 67129 |
| 003 - CONTROL NUMBER IDENTIFIER | |
| rucl marc code | BD-RjUL |
| 005 - DATE AND TIME OF LATEST TRANSACTION | |
| control field | 20211209081622.0 |
| 008 - FIXED-LENGTH DATA ELEMENTS--GENERAL INFORMATION | |
| fixed length control field | 170322s1992 nyua b 001 0 eng |
| 020 ## - INTERNATIONAL STANDARD BOOK NUMBER | |
| International Standard Book Number | 0387976582 (alk. paper) |
| International Standard Book Number | 3540976582 (SpringerVerlag Berlin Heidelberg New York) |
| 035 ## - SYSTEM CONTROL NUMBER | |
| System control number | (BD-RjUL)67260 |
| 040 ## - CATALOGING SOURCE | |
| Original cataloging agency | DLC |
| Transcribing agency | DLC |
| Modifying agency | FPU |
| -- | MYG |
| -- | BD-RjUL |
| Language of cataloging | eng |
| 041 ## - LANGUAGE CODE | |
| Language code of text/sound track or separate title | eng |
| 082 ## - DEWEY DECIMAL CLASSIFICATION NUMBER | |
| Edition number | 23 |
| Classification number | 621 |
| Author mark and year | STE 1992 |
| 090 ## - LOCALLY ASSIGNED LC-TYPE CALL NUMBER (OCLC); LOCAL CALL NUMBER (OCLC) | |
| Classification number (OCLC) (R) ; Classification number, CALL (RLIN) (NR) | QA911 |
| Local cutter number (OCLC) ; Book number/undivided call number, CALL (RLIN) | .S77 1992 |
| 099 ## - LOCAL FREE-TEXT CALL NUMBER (OCLC) | |
| Bangla Class number | QA911.S77 1992 |
| 100 1# - MAIN ENTRY--PERSONAL NAME | |
| Personal name | Straughan, B. |
| Fuller form of name | (Brian) |
| 9 (RLIN) | 198867 |
| 245 14 - TITLE STATEMENT | |
| Title | The energy method, stability, and nonlinear convection / |
| Statement of responsibility, etc. | Brian Straughan. |
| 260 ## - PUBLICATION, DISTRIBUTION, ETC. (IMPRINT) | |
| Place of publication, distribution, etc. | New York : |
| Name of publisher, distributor, etc. | Springer-Verlag, |
| Date of publication, distribution, etc. | c1992. |
| 300 ## - PHYSICAL DESCRIPTION | |
| Pagination | xii, 242 p. : |
| Illustrations | ill. ; |
| Size | 24 cm. |
| 490 1# - SERIES STATEMENT | |
| Series statement | Applied mathematical sciences ; |
| Volume/sequential designation | 91 |
| 504 ## - BIBLIOGRAPHY, ETC. NOTE | |
| Bibliography, etc | Includes bibliographical references and index. |
| 650 #0 - SUBJECT ADDED ENTRY--TOPICAL TERM | |
| Topical term or geographic name as entry element | Fluid dynamics. |
| 9 (RLIN) | 198868 |
| Topical term or geographic name as entry element | Differential equations, Nonlinear |
| General subdivision | Numerical solutions. |
| 9 (RLIN) | 198869 |
| Topical term or geographic name as entry element | Heat |
| General subdivision | Convection |
| -- | Mathematical models. |
| 9 (RLIN) | 198870 |
| 830 #0 - SERIES ADDED ENTRY--UNIFORM TITLE | |
| Uniform title | Applied mathematical sciences (Springer-Verlag New York Inc.) ; |
| Volume number/sequential designation | v. 91. |
| 942 ## - ADDED ENTRY ELEMENTS (KOHA) | |
| Source of classification or shelving scheme | Dewey Decimal Classification |
| Koha item type | Books |
| 949 ## - LOCAL PROCESSING INFORMATION (OCLC) | |
| a | MYGS |
| b | 39080009128817 |
| Lost status | Source of classification or shelving scheme | Damaged status | Not for loan | Collection code | Permanent Location | Current Location | Shelving location | Date acquired | Source of acquisition | Cost, normal purchase price | Total Checkouts | Full call number | Date last seen | Copy number | Koha item type |
|---|---|---|---|---|---|---|---|---|---|---|---|---|---|---|---|
| Dewey Decimal Classification | Not For Loan | Non-fiction | Central Library, University of Rajshahi | Central Library, University of Rajshahi | Reading Room | 27/03/2006 | Dhaka, Paragon Enterprise ltd. | 84.95 | 621 STE 1992 | 22/03/2017 | C-1 | Books |